The Philippines yearbook 2005 : (Record no. 7044)

MARC details
000 -LEADER
fixed length control field 00565nam a22001817a 4500
003 - CONTROL NUMBER IDENTIFIER
control field OSt
005 - DATE AND TIME OF LATEST TRANSACTION
control field 20251211072213.0
008 - FIXED-LENGTH DATA ELEMENTS--GENERAL INFORMATION
fixed length control field 251211b |||||||| |||| 00| 0 eng d
020 ## - INTERNATIONAL STANDARD BOOK NUMBER
International Standard Book Number 9710503502
040 ## - CATALOGING SOURCE
Original cataloging agency DWCL - Main
Transcribing agency OC
082 ## - DEWEY DECIMAL CLASSIFICATION NUMBER
Classification number SC 030 P552 2004
110 ## - MAIN ENTRY--CORPORATE NAME
Corporate name or jurisdiction name as entry element Fookien Times
Relator term Corporate Author
245 ## - TITLE STATEMENT
Title The Philippines yearbook 2005 :
Remainder of title defenders of our heritage /
Statement of responsibility, etc. Fookien Times
260 ## - PUBLICATION, DISTRIBUTION, ETC.
Place of publication, distribution, etc. Philippines:
Name of publisher, distributor, etc. Fookien Times Pub.,
Date of publication, distribution, etc. c2004
300 ## - PHYSICAL DESCRIPTION
Extent 245 p:
Other physical details ill. (chiefly col.);
Dimensions 30 cm.
650 ## - SUBJECT ADDED ENTRY--TOPICAL TERM
Topical term or geographic name entry element 1. Philippine yearbook.
942 ## - ADDED ENTRY ELEMENTS (KOHA)
Source of classification or shelving scheme Dewey Decimal Classification
Koha item type Special Collection
Suppress in OPAC No
952 ## - LOCATION AND ITEM INFORMATION (KOHA)
--
Holdings
Withdrawn status Lost status Source of classification or shelving scheme Damaged status Not for loan Home library Current library Shelving location Date acquired Source of acquisition Total Checkouts Full call number Barcode Date last seen Copy number Price effective from Koha item type Uniform Resource Identifier
    Dewey Decimal Classification     Junior High School Library Junior High School Library Special Collection 06/01/2005 Library Fund   SC 030 P552 2004 JHS - 12405 12/11/2025 c1 12/11/2025 SC